000 00488nam a2200193Ia 4500
003 OSt
005 20250916144023.0
008 250729s2005 xx 000 0 und d
020 _a9788176489232
040 _cAL
041 _aeng
082 _a371.1 SIDW
100 _aSiddiqui Mujibul Hasan
_9222565
245 _aWomen education - a research approach
260 _aNew Delhi
_bA P H Publishing
_c2005
300 _a161p
650 _aWomen Education
_9222566
942 _2ddc
_cBED
999 _c235523
_d235523